| 000 | 00786cam a22002413a 4500 | ||
|---|---|---|---|
| 001 | 32216 | ||
| 003 | PGUSA | ||
| 005 | 20140828083710.0 | ||
| 008 | 100502s2010||||xxu|||||s|||||000 | eng d | ||
| 040 |
_aPGUSA _beng |
||
| 042 | _adc | ||
| 050 | 4 | _aD501 | |
| 100 | 1 |
_aSpiegel, E., Freiherr von _q(Edgar), _d1885- |
|
| 245 | 1 | 4 |
_aThe Adventures of the U-202 : _bAn Actual Narrative _h[electronic resource] / _cE., Freiherr von Spiegel |
| 260 |
_bProject Gutenberg, _c2010 |
||
| 506 | _aPublic domain in the USA. | ||
| 516 | _aElectronic text | ||
| 653 | _aWorld War, 1914-1918 -- Personal narratives, German | ||
| 653 | _aWorld War, 1914-1918 -- Naval operations -- Submarine | ||
| 830 | 0 |
_aProject Gutenberg _v32216 |
|
| 856 | 4 | 0 | _uhttp://www.gutenberg.org/ebooks/32216 |
| 942 | _cEB | ||
| 999 |
_c261471 _d261471 |
||